Planificar para obtener resultados : un proceso de transformación de la biblioteca pública / Ethel Himmel, William James Wilson un proceso de transformación de la biblioteca pública / Ethel Himmel, William James Wilson
ISBN:
84-9743-008-5
Descripción Física:
302, [56] p., taules ; 24 cm
Colección:
Materiales para la biblioteca pública ; 3
Otros Autores:
Wilson, William James
Materias:
Biblioteques públiques -- Planificació
MARC
| LEADER | 00000nam a2200000Ia 4500 | ||
|---|---|---|---|
| 001 | 13618 | ||
| 008 | 160829s2001 xx 000 0 cat d | ||
| 020 | |a 84-9743-008-5 | ||
| 080 | |a A-2-135 | ||
| 100 | |a Himmel, Ethel |9 24630 | ||
| 245 | |a Planificar para obtener resultados : |b un proceso de transformación de la biblioteca pública / Ethel Himmel, William James Wilson | ||
| 260 | |a Barcelona : |b Milenio : |b Diputació de Barcelona, |c 2001 | ||
| 300 | |a 302, [56] p., taules ; |c 24 cm | ||
| 490 | |a Materiales para la biblioteca pública ; 3 | ||
| 590 | |a Inclou formularis. | ||
| 590 | |a Bibliografia | ||
| 650 | |a Biblioteques públiques |x Planificació |9 24631 | ||
| 700 | |a Wilson, William James |9 24632 | ||
| 710 | 1 | |a Barcelona (Catalunya : Província). |b Diputació |9 52408 | |
| 901 | |a Arxiu | ||
| 942 | |n 1 | ||
| 952 | |0 0 |1 0 |4 0 |6 A2135 |7 1 |9 43238 |a Arxiu |b Arxiu |d 2016-12-01 |l 0 |o A-2-135 |p 13618 |r 2016-12-01 00:00:00 |w 2016-12-01 |y ARXIU | ||
| 999 | |c 45782 |d 45782 | ||